| 000 | 00678nam a2200217Ia 4500 | ||
|---|---|---|---|
| 008 | 191130s2003##################000#0#eng## | ||
| 020 | _a9780140449280 | ||
| 022 | _a2003269841 | ||
| 040 |
_aACL _cACL |
||
| 082 | _a184 PLA | ||
| 100 | _aPlato | ||
| 245 |
_aThe last days of Socrates _cPlato ; translated by Hugh Tredennick and Harold Tarrant ; introduction and notes by Harold Tarrant |
||
| 260 |
_aNew York _bPenguin Books _cc2003 |
||
| 300 | _axliv, 256 p. ; 20 cm | ||
| 500 | _aIncludes bibliographical references and index | ||
| 650 | _aSocrates | ||
| 700 | _aTredennick, Hugh | ||
| 990 | _a4a1a749bac10000c2bee81642a2fe17a | ||
| 991 | _a292787 | ||
| 999 |
_c55774 _d55774 |
||